| 000 | 01863nam a22002777a 4500 | ||
|---|---|---|---|
| 003 | DO-SdBNP | ||
| 005 | 20250701130238.0 | ||
| 007 | ta | ||
| 008 | 211119b2020 dr ac||| |||| 00| 0 spa d | ||
| 020 | _a9789945924619 | ||
| 040 |
_aDO-SdBNP _bspa _cBNPHU |
||
| 082 | 4 |
_a791.43097293 _bL865s _222 |
|
| 100 | 1 |
_aLora, Félix Manuel _980598 |
|
| 245 | 1 | 4 |
_aLas salas de cine en la República Dominicana : _bhistoria, desarrollo y evolución de la exhibición y distribución cinematográfica / _cFélix Manuel Lora y Martha Checo ; prólogo, Yvette Mrichal. |
| 260 |
_aSanto Domingo : _bDGCINE, _c2020. |
||
| 300 |
_a111 p. : _bil. ; _c25 cm. |
||
| 504 | _aBibliografía : p. 105 | ||
| 505 | 0 | _aPrólogo, 7.-- Tras la historia de una nostalgia fílmica, 9.-- El inicio de la exhibición y distribución en la historia cinematográfica dominicana, 13.-- Las primeras regulaciones a las exhibiciones cinematográficas, 21.-- Desde los años 20 al 60: algunos hitos en Santo Domingo, 23.-- De la zona intramuros a las zonas populares, 27.-- Los autocinemas de Santo Domingo, 47.-- Las experiencias de la exhibición en el interior del país, 49.-- Los multicines: las pantallas se multiplican, 65.-- Una amenaza para el sector, 72.-- Los malls y las llegadas de los nuevos complejos, 77.-- Dos empresas y una importante década, 84.-- Los circuitos cinematográficos independientes, 87.-- La ley de cine, una garantía para el sector exhibidor, 95.-- Fuentes referenciales, 105.-- Anexo: salas de cine antiguas y vigentes, 107. | |
| 590 | _aInventariado, 2021 /LP | ||
| 650 | 1 | 0 |
_aCinematografía _zRepública Dominicana _xHistoria _928400 |
| 650 | 1 | 4 |
_aCine _zRepública Dominicana _xHistoria _981269 |
| 700 | 1 |
_aCheco, Martha _980670 |
|
| 700 | 1 |
_aMrichal, Yvette, _epról. _980671 |
|
| 910 | _aLopérez/Validado. Control de calidad. MAA | ||
| 942 |
_2ddc _cLBS1 |
||
| 999 |
_c51000 _d51000 |
||